[Event "Irena Warakomska Memorial A"]
[Site "Suwalki"]
[Date "2021.08.02"]
[Round "8"]
[White "Licznerski, Lukasz"]
[Black "Kubicka, Anna"]
[Result "1/2-1/2"]
[Board "10"]
[WhiteElo "2400"]
[WhiteTitle "FM"]
[WhiteCountry "POL"]
[WhiteFideId "1179250"]
[WhiteEloChange "-2"]
[BlackElo "2210"]
[BlackTitle "WIM"]
[BlackCountry "POL"]
[BlackFideId "1152254"]
[BlackEloChange "5"]

1. e4 {[%clk 1:23:11]} e5 {[%clk 1:30:49]} 2. Nf3 {[%clk 1:23:30]} Nc6 {[%clk
1:31:14]} 3. Bb5 {[%clk 1:23:48]} Nf6 {[%clk 1:31:30]} 4. O-O {[%clk 1:24:02]}
Nxe4 {[%clk 1:31:52]} 5. Re1 {[%clk 1:24:27]} Nd6 {[%clk 1:32:13]} 6. Nxe5 {[%clk
1:24:54]} Be7 {[%clk 1:32:29]} 7. Bf1 {[%clk 1:25:21]} Nxe5 {[%clk 1:32:52]} 8.
Rxe5 {[%clk 1:25:49]} O-O {[%clk 1:33:07]} 9. d4 {[%clk 1:25:29]} Ne8 {[%clk
1:33:28]} 10. d5 {[%clk 0:54:30]} Bc5 {[%clk 1:33:51]} 11. Be3 {[%clk 0:54:17]}
d6 {[%clk 1:34:13]} 12. Bxc5 {[%clk 0:54:23]} dxc5 {[%clk 1:34:35]} 13. Nc3
{[%clk 0:50:21]} Qf6 {[%clk 1:34:32]} 14. Qe2 {[%clk 0:48:09]} Bd7 {[%clk
1:34:46]} 15. Re1 {[%clk 0:44:43]} Nd6 {[%clk 1:33:40]} 16. g3 {[%clk 0:42:35]}
Rae8 {[%clk 1:22:48]} 17. f4 {[%clk 0:43:00]} Qd8 {[%clk 1:21:13]} 18. Ne4 {[%clk
0:26:27]} f6 {[%clk 1:04:57]} 19. Nxd6 {[%clk 0:26:32]} cxd6 {[%clk 1:05:18]} 20.
Re7 {[%clk 0:26:57]} Rxe7 {[%clk 1:03:56]} 21. Qxe7 {[%clk 0:27:24]} Re8 {[%clk
0:59:03]} 22. Qxd8 {[%clk 0:27:43]} Rxd8 {[%clk 0:59:30]} 23. Bd3 {[%clk
0:11:32]} Re8 {[%clk 0:59:31]} 24. Ra1 {[%clk 0:10:53]} Re7 {[%clk 0:52:11]} 25.
Kf2 {[%clk 0:10:50]} Be8 {[%clk 0:52:16]} 26. Bf5 {[%clk 0:09:38]} Bf7 {[%clk
0:52:19]} 27. c4 {[%clk 0:09:54]} g6 {[%clk 0:52:11]} 28. Bd3 {[%clk 0:09:46]}
Be8 {[%clk 0:45:39]} 29. a3 {[%clk 0:09:45]} b6 {[%clk 0:37:01]} 30. b4 {[%clk
0:10:00]} cxb4 {[%clk 0:34:29]} 31. axb4 {[%clk 0:10:27]} Kf7 {[%clk 0:34:36]}
32. g4 {[%clk 0:08:11]} h6 {[%clk 0:32:09]} 33. h4 {[%clk 0:06:36]} g5 {[%clk
0:31:36]} 34. hxg5 {[%clk 0:01:52]} hxg5 {[%clk 0:30:26]} 35. Kf3 {[%clk
0:01:43]} gxf4 {[%clk 0:28:33]} 36. Kxf4 {[%clk 0:02:03]} Kg7 {[%clk 0:28:35]}
37. Ra6 {[%clk 0:00:32]} Bf7 {[%clk 0:27:29]} 38. Bf5 {[%clk 0:00:38]} Rc7 {[%clk
0:24:27]} 39. Ke3 {[%clk 0:00:36]} Rxc4 {[%clk 0:22:37]} 40. Rxa7 {[%clk
0:31:04]} Kf8 {[%clk 0:52:51]} 41. Rd7 {[%clk 0:30:54]} Rxb4 {[%clk 0:46:37]} 42.
Rxd6 {[%clk 0:31:20]} Rb5 {[%clk 0:45:35]} 43. Kd4 {[%clk 0:22:18]} Ke7 {[%clk
0:45:01]} 44. Rd7+ {[%clk 0:22:44]} Ke8 {[%clk 0:43:31]} 45. d6 {[%clk 0:21:10]}
Rd5+ {[%clk 0:42:01]} 46. Kc3 {[%clk 0:21:38]} Rc5+ {[%clk 0:41:59]} 47. Kb4
{[%clk 0:21:11]} Rd5 {[%clk 0:42:23]} 48. Ka4 {[%clk 0:19:29]} Ra5+ {[%clk
0:42:35]} 49. Kb4 {[%clk 0:19:57]} Rd5 {[%clk 0:43:01]} 50. Re7+ {[%clk 0:19:13]}
Kf8 {[%clk 0:43:22]} 51. Rd7 {[%clk 0:19:33]} Ke8 {[%clk 0:43:45]} 1/2-1/2

[Event "Irena Warakomska Memorial A"]
[Site "Suwalki"]
[Date "2021.08.02"]
[Round "8"]
[White "Sakalauskas, Vaidas"]
[Black "Szpar, Milosz"]
[Result "1/2-1/2"]
[Board "11"]
[WhiteElo "2330"]
[WhiteTitle "IM"]
[WhiteCountry "LTU"]
[WhiteFideId "12800457"]
[WhiteEloChange "2"]
[BlackElo "2392"]
[BlackTitle "FM"]
[BlackCountry "POL"]
[BlackFideId "1184989"]
[BlackEloChange "-2"]

1. d4 {[%clk 1:30:57]} Nf6 {[%clk 1:27:00]} 2. c4 {[%clk 1:31:20]} g6 {[%clk
1:26:57]} 3. Nc3 {[%clk 1:30:44]} Bg7 {[%clk 1:26:48]} 4. e4 {[%clk 1:28:48]} d6
{[%clk 1:26:13]} 5. Be2 {[%clk 1:28:27]} O-O {[%clk 1:25:46]} 6. Bg5 {[%clk
1:28:46]} Na6 {[%clk 1:24:59]} 7. Qd2 {[%clk 1:23:13]} e5 {[%clk 1:24:32]} 8. d5
{[%clk 1:23:22]} Qe8 {[%clk 1:24:26]} 9. Bf3 {[%clk 1:19:04]} c6 {[%clk 1:24:16]}
10. Nge2 {[%clk 1:18:30]} cxd5 {[%clk 1:19:23]} 11. cxd5 {[%clk 1:18:16]} b5
{[%clk 1:14:11]} 12. b4 {[%clk 1:17:11]} Rb8 {[%clk 1:05:55]} 13. a3 {[%clk
1:09:30]} Nd7 {[%clk 1:05:41]} 14. Qd3 {[%clk 1:09:33]} Nc7 {[%clk 1:04:07]} 15.
Be3 {[%clk 1:02:27]} f5 {[%clk 0:52:40]} 16. Bxa7 {[%clk 1:00:04]} Ra8 {[%clk
0:51:01]} 17. Be3 {[%clk 1:00:17]} f4 {[%clk 0:51:08]} 18. Bc1 {[%clk 0:58:03]}
Nb6 {[%clk 0:43:07]} 19. g4 {[%clk 0:56:30]} Bd7 {[%clk 0:40:07]} 20. h3 {[%clk
0:54:37]} Qc8 {[%clk 0:39:37]} 21. Ra2 {[%clk 0:53:58]} Kf7 {[%clk 0:39:18]} 22.
Rc2 {[%clk 0:54:15]} Qd8 {[%clk 0:34:08]} 23. Nb1 {[%clk 0:53:02]} Ra7 {[%clk
0:33:36]} 24. Ng1 {[%clk 0:40:51]} Bf6 {[%clk 0:30:53]} 25. Bd1 {[%clk 0:36:16]}
Rh8 {[%clk 0:28:41]} 26. Kf1 {[%clk 0:35:51]} h5 {[%clk 0:27:22]} 27. gxh5 {[%clk
0:35:47]} gxh5 {[%clk 0:26:36]} 28. Rh2 {[%clk 0:35:51]} Qg8 {[%clk 0:25:28]} 29.
Be2 {[%clk 0:28:17]} Qh7 {[%clk 0:23:16]} 30. Nc3 {[%clk 0:28:25]} Ke7 {[%clk
0:20:40]} 31. Rg2 {[%clk 0:28:13]} Raa8 {[%clk 0:14:21]} 32. Qd1 {[%clk 0:26:27]}
Rac8 {[%clk 0:12:17]} 33. Bd3 {[%clk 0:25:59]} Rcg8 {[%clk 0:10:30]} 34. f3
{[%clk 0:25:16]} Qf7 {[%clk 0:09:54]} 35. Rxg8 {[%clk 0:22:37]} Qxg8 {[%clk
0:09:18]} 36. Qe2 {[%clk 0:15:26]} Qe8 {[%clk 0:05:44]} 37. Qf2 {[%clk 0:10:13]}
Qb8 {[%clk 0:05:38]} 38. Kg2 {[%clk 0:03:09]} Rg8+ {[%clk 0:03:07]} 39. Kh2
{[%clk 0:03:22]} Rg3 {[%clk 0:02:51]} 40. Nce2 {[%clk 0:33:24]} Bh4 {[%clk
0:31:53]} 41. Qf1 {[%clk 0:33:31]} Rg7 {[%clk 0:31:09]} 42. Bd2 {[%clk 0:31:50]}
Qa7 {[%clk 0:27:35]} 43. Be1 {[%clk 0:27:15]} Bxe1 {[%clk 0:23:33]} 44. Qxe1
{[%clk 0:27:41]} Ne8 {[%clk 0:20:44]} 45. Nc3 {[%clk 0:09:00]} Qxa3 {[%clk
0:19:46]} 46. Bxb5 {[%clk 0:09:01]} Qxb4 {[%clk 0:18:39]} 47. Bxd7 {[%clk
0:09:26]} Nxd7 {[%clk 0:17:38]} 48. Rg2 {[%clk 0:09:46]} Rxg2+ {[%clk 0:17:00]}
49. Kxg2 {[%clk 0:10:14]} Nef6 {[%clk 0:14:57]} 50. Nge2 {[%clk 0:10:04]} Nf8
{[%clk 0:14:30]} 51. Qf2 {[%clk 0:08:12]} Ng6 {[%clk 0:13:30]} 52. Kh2 {[%clk
0:08:08]} Qb8 {[%clk 0:13:27]} 53. Qg2 {[%clk 0:08:32]} Kf7 {[%clk 0:13:43]} 54.
Qg5 {[%clk 0:08:53]} Qb6 {[%clk 0:13:46]} 55. Qg1 {[%clk 0:08:50]} Qa6 {[%clk
0:11:24]} 56. Qf2 {[%clk 0:08:42]} Nh7 {[%clk 0:11:01]} 57. Ng1 {[%clk 0:08:04]}
Qa5 {[%clk 0:10:34]} 58. Nce2 {[%clk 0:08:28]} Kf6 {[%clk 0:09:54]} 59. Kg2
{[%clk 0:08:39]} Kg5 {[%clk 0:09:14]} 60. Kf1 {[%clk 0:06:32]} Nh4 {[%clk
0:09:12]} 61. Qe1 {[%clk 0:06:55]} Qc5 {[%clk 0:08:55]} 62. Qc3 {[%clk 0:07:17]}
Qxc3 {[%clk 0:04:33]} 63. Nxc3 {[%clk 0:07:42]} Kf6 {[%clk 0:03:59]} 64. Nb5
{[%clk 0:08:01]} Ke7 {[%clk 0:04:26]} 65. Ke2 {[%clk 0:07:52]} Ng5 {[%clk
0:04:32]} 66. Na3 {[%clk 0:07:09]} Kd7 {[%clk 0:04:22]} 67. Nc4 {[%clk 0:07:32]}
Kc7 {[%clk 0:04:24]} 68. Kf2 {[%clk 0:07:47]} Kd7 {[%clk 0:02:25]} 1/2-1/2

[Event "Irena Warakomska Memorial A"]
[Site "Suwalki"]
[Date "2021.08.02"]
[Round "8"]
[White "Leniart, Arkadiusz"]
[Black "Paszewski, Mateusz"]
[Result "0-1"]
[Board "12"]
[WhiteElo "2499"]
[WhiteTitle "GM"]
[WhiteCountry "POL"]
[WhiteFideId "1124226"]
[WhiteEloChange "-8"]
[BlackElo "2280"]
[BlackTitle "FM"]
[BlackCountry "POL"]
[BlackFideId "1141058"]
[BlackEloChange "16"]

1. e4 {[%clk 1:30:58]} e5 {[%clk 1:30:47]} 2. Nf3 {[%clk 1:31:09]} Nc6 {[%clk
1:31:13]} 3. Bc4 {[%clk 1:31:30]} Bc5 {[%clk 1:31:13]} 4. c3 {[%clk 1:30:57]} Nf6
{[%clk 1:31:08]} 5. d3 {[%clk 1:30:19]} h6 {[%clk 1:27:05]} 6. b4 {[%clk
1:29:36]} Be7 {[%clk 1:21:33]} 7. b5 {[%clk 1:25:37]} Na5 {[%clk 1:21:26]} 8.
Nxe5 {[%clk 1:23:43]} Nxc4 {[%clk 1:12:10]} 9. Nxc4 {[%clk 1:23:27]} d5 {[%clk
1:12:36]} 10. Ncd2 {[%clk 1:22:57]} dxe4 {[%clk 1:12:18]} 11. dxe4 {[%clk
1:21:19]} O-O {[%clk 1:04:10]} 12. Qc2 {[%clk 1:12:10]} a6 {[%clk 1:00:10]} 13.
bxa6 {[%clk 1:07:26]} Rxa6 {[%clk 0:57:34]} 14. O-O {[%clk 1:06:27]} Be6 {[%clk
0:52:06]} 15. c4 {[%clk 0:47:57]} Nd7 {[%clk 0:49:03]} 16. Nc3 {[%clk 0:44:32]}
f5 {[%clk 0:41:55]} 17. Nd5 {[%clk 0:39:10]} Bd6 {[%clk 0:34:46]} 18. Nf3 {[%clk
0:32:38]} fxe4 {[%clk 0:31:47]} 19. Qxe4 {[%clk 0:32:06]} Nc5 {[%clk 0:25:01]}
20. Qd4 {[%clk 0:31:17]} Bf5 {[%clk 0:17:18]} 21. Bb2 {[%clk 0:29:52]} Rf7 {[%clk
0:17:12]} 22. Ne3 {[%clk 0:16:05]} Bd7 {[%clk 0:10:51]} 23. Ne5 {[%clk 0:13:59]}
Bxe5 {[%clk 0:09:37]} 24. Qxe5 {[%clk 0:14:24]} Nd3 {[%clk 0:10:20]} 25. Qc3
{[%clk 0:12:43]} Nf4 {[%clk 0:09:54]} 26. Kh1 {[%clk 0:13:06]} Rg6 {[%clk
0:09:19]} 27. Rad1 {[%clk 0:11:59]} Qh4 {[%clk 0:08:26]} 28. Rd4 {[%clk 0:05:10]}
c5 {[%clk 0:06:12]} 29. Rd2 {[%clk 0:05:33]} Rg5 {[%clk 0:03:15]} 30. f3 {[%clk
0:05:57]} Rh5 {[%clk 0:01:46]} 31. g4 {[%clk 0:05:53]} Rg5 {[%clk 0:01:57]} 32.
Ng2 {[%clk 0:03:34]} Qh3 {[%clk 0:01:28]} 33. Kg1 {[%clk 0:03:44]} Rxg4 {[%clk
0:00:55]} 34. fxg4 {[%clk 0:03:53]} Qxc3 {[%clk 0:01:23]} 35. Bxc3 {[%clk
0:03:40]} Nh3+ {[%clk 0:01:50]} 0-1

[Event "Irena Warakomska Memorial A"]
[Site "Suwalki"]
[Date "2021.08.02"]
[Round "8"]
[White "Socko, Monika"]
[Black "Kiolbasa, Oliwia"]
[Result "1/2-1/2"]
[Board "13"]
[WhiteElo "2393"]
[WhiteTitle "GM"]
[WhiteCountry "POL"]
[WhiteFideId "1106619"]
[WhiteEloChange "-4"]
[BlackElo "2255"]
[BlackTitle "WIM"]
[BlackCountry "POL"]
[BlackFideId "1154613"]
[BlackEloChange "4"]

1. d4 {[%clk 1:30:55]} d5 {[%clk 1:30:43]} 2. c4 {[%clk 1:31:21]} e6 {[%clk
1:31:06]} 3. Nf3 {[%clk 1:31:46]} Nf6 {[%clk 1:31:24]} 4. g3 {[%clk 1:30:53]}
dxc4 {[%clk 1:30:46]} 5. Qa4+ {[%clk 1:31:12]} Nbd7 {[%clk 1:28:03]} 6. Bg2
{[%clk 1:29:11]} a6 {[%clk 1:25:44]} 7. Qxc4 {[%clk 1:23:17]} b5 {[%clk 1:14:11]}
8. Qd3 {[%clk 1:21:26]} Bb7 {[%clk 1:13:39]} 9. O-O {[%clk 1:20:39]} c5 {[%clk
1:12:35]} 10. a4 {[%clk 1:16:45]} c4 {[%clk 0:55:00]} 11. Qc2 {[%clk 1:13:06]}
Be4 {[%clk 0:51:59]} 12. Qd1 {[%clk 1:11:56]} b4 {[%clk 0:49:14]} 13. Nbd2 {[%clk
1:05:02]} Bd5 {[%clk 0:47:12]} 14. Qc2 {[%clk 0:52:11]} Rc8 {[%clk 0:46:03]} 15.
e4 {[%clk 0:50:37]} b3 {[%clk 0:39:56]} 16. Qb1 {[%clk 0:50:03]} Bb7 {[%clk
0:40:04]} 17. Rd1 {[%clk 0:48:16]} Be7 {[%clk 0:29:43]} 18. Bf1 {[%clk 0:45:54]}
O-O {[%clk 0:23:34]} 19. e5 {[%clk 0:35:33]} Nd5 {[%clk 0:18:57]} 20. Bxc4 {[%clk
0:27:09]} Rxc4 {[%clk 0:18:13]} 21. Nxc4 {[%clk 0:27:35]} Nb4 {[%clk 0:18:38]}
22. Ne1 {[%clk 0:27:05]} Nc2 {[%clk 0:14:39]} 23. Be3 {[%clk 0:26:25]} Qc7 {[%clk
0:13:18]} 24. Nxc2 {[%clk 0:21:51]} Be4 {[%clk 0:13:09]} 25. Rd2 {[%clk 0:22:13]}
Qxc4 {[%clk 0:07:59]} 26. Na3 {[%clk 0:21:27]} Qd5 {[%clk 0:06:25]} 27. Qf1
{[%clk 0:21:20]} Bxa3 {[%clk 0:03:24]} 28. Rxa3 {[%clk 0:18:46]} Nb6 {[%clk
0:03:43]} 29. Ra1 {[%clk 0:15:08]} Nc4 {[%clk 0:03:44]} 30. Re2 {[%clk 0:14:38]}
Bd3 {[%clk 0:03:01]} 31. Qd1 {[%clk 0:14:15]} Bxe2 {[%clk 0:03:00]} 32. Qxe2
{[%clk 0:14:44]} Nxe3 {[%clk 0:02:16]} 33. Qxe3 {[%clk 0:13:32]} Rc8 {[%clk
0:02:26]} 34. Rc1 {[%clk 0:13:18]} Rc4 {[%clk 0:02:11]} 35. Rc3 {[%clk 0:08:17]}
h6 {[%clk 0:01:28]} 36. Qd3 {[%clk 0:07:52]} Rxc3 {[%clk 0:01:02]} 37. Qxc3
{[%clk 0:08:20]} g6 {[%clk 0:00:45]} 38. Kf1 {[%clk 0:07:21]} Qe4 {[%clk
0:00:37]} 39. Qxb3 {[%clk 0:03:52]} Qxd4 {[%clk 0:01:00]} 40. f4 {[%clk 0:33:50]}
Qd2 {[%clk 0:30:57]} 41. h4 {[%clk 0:32:41]} h5 {[%clk 0:27:36]} 42. Qa3 {[%clk
0:26:56]} a5 {[%clk 0:19:27]} 43. Qb3 {[%clk 0:25:09]} Kh7 {[%clk 0:19:15]} 44.
Qb5 {[%clk 0:22:15]} Kg7 {[%clk 0:19:16]} 45. Qe2 {[%clk 0:19:32]} Qc1+ {[%clk
0:19:09]} 46. Kf2 {[%clk 0:19:49]} Qc5+ {[%clk 0:19:03]} 47. Kf1 {[%clk 0:13:11]}
Qc1+ {[%clk 0:19:24]} 48. Kf2 {[%clk 0:13:34]} Qc5+ {[%clk 0:19:49]} 49. Kf1
{[%clk 0:13:47]} 1/2-1/2

[Event "Irena Warakomska Memorial A"]
[Site "Suwalki"]
[Date "2021.08.02"]
[Round "8"]
[White "Kucza, Karol"]
[Black "Zylka, Stanislaw"]
[Result "1/2-1/2"]
[Board "14"]
[WhiteElo "2337"]
[WhiteTitle "FM"]
[WhiteCountry "POL"]
[WhiteFideId "1159755"]
[WhiteEloChange "1"]
[BlackElo "2362"]
[BlackTitle "FM"]
[BlackCountry "POL"]
[BlackFideId "1189654"]
[BlackEloChange "-1"]

1. e4 {[%clk 1:30:57]} e6 {[%clk 1:27:25]} 2. d4 {[%clk 1:28:21]} d5 {[%clk
1:27:43]} 3. Nc3 {[%clk 1:28:48]} Nf6 {[%clk 1:28:00]} 4. e5 {[%clk 1:29:14]}
Nfd7 {[%clk 1:28:19]} 5. f4 {[%clk 1:29:40]} c5 {[%clk 1:28:40]} 6. Nf3 {[%clk
1:30:07]} Nc6 {[%clk 1:29:00]} 7. Be3 {[%clk 1:30:34]} Be7 {[%clk 1:28:39]} 8.
Qd2 {[%clk 1:30:55]} O-O {[%clk 1:28:56]} 9. dxc5 {[%clk 1:31:08]} Qa5 {[%clk
1:28:22]} 10. O-O-O {[%clk 1:31:31]} b6 {[%clk 1:28:43]} 11. Bb5 {[%clk 1:31:55]}
Nb4 {[%clk 1:29:02]} 12. a3 {[%clk 1:31:19]} bxc5 {[%clk 1:29:09]} 13. Kb1 {[%clk
1:30:55]} Rb8 {[%clk 1:29:21]} 14. axb4 {[%clk 1:30:55]} cxb4 {[%clk 1:29:36]}
15. Nxd5 {[%clk 1:31:30]} exd5 {[%clk 1:29:55]} 16. Bxd7 {[%clk 1:31:56]} Bxd7
{[%clk 1:30:18]} 17. Qxd5 {[%clk 1:32:22]} Qxd5 {[%clk 1:30:35]} 18. Rxd5 {[%clk
1:32:48]} Bc6 {[%clk 1:30:59]} 19. Ra5 {[%clk 1:33:14]} Rfc8 {[%clk 1:31:23]} 20.
Rxa7 {[%clk 1:20:15]} Bf8 {[%clk 1:31:33]} 21. b3 {[%clk 1:03:41]} Be4 {[%clk
1:29:59]} 22. Rc1 {[%clk 1:03:43]} Rc3 {[%clk 1:29:39]} 23. Bd4 {[%clk 1:03:41]}
Rxb3+ {[%clk 1:27:01]} 24. Ka2 {[%clk 1:03:20]} Ra3+ {[%clk 1:12:23]} 25. Rxa3
{[%clk 1:03:40]} bxa3 {[%clk 1:12:50]} 26. c4 {[%clk 0:57:29]} Rd8 {[%clk
1:12:09]} 27. Bb6 {[%clk 0:52:35]} Rd3 {[%clk 1:11:30]} 28. Ba5 {[%clk 0:52:40]}
Bc5 {[%clk 1:10:15]} 29. Rb1 {[%clk 0:52:28]} h6 {[%clk 1:09:19]} 30. Rb8+ {[%clk
0:48:22]} Kh7 {[%clk 1:09:40]} 31. Bb4 {[%clk 0:48:47]} Be3 {[%clk 1:08:35]} 32.
Bxa3 {[%clk 0:48:19]} Bxf4 {[%clk 1:08:32]} 33. Bb2 {[%clk 0:45:27]} g5 {[%clk
0:48:53]} 34. Rf8 {[%clk 0:35:52]} Rd7 {[%clk 0:48:31]} 35. e6 {[%clk 0:16:38]}
Ra7+ {[%clk 0:48:45]} 36. Kb3 {[%clk 0:17:03]} Rb7+ {[%clk 0:48:43]} 37. Ka2
{[%clk 0:16:40]} Ra7+ {[%clk 0:48:47]} 38. Kb3 {[%clk 0:16:58]} Rb7+ {[%clk
0:49:02]} 39. Ka2 {[%clk 0:17:03]} fxe6 {[%clk 0:46:07]} 40. g3 {[%clk 0:45:49]}
Ra7+ {[%clk 1:15:14]} 41. Kb3 {[%clk 0:43:21]} Rb7+ {[%clk 1:14:31]} 42. Ka2
{[%clk 0:43:29]} Ra7+ {[%clk 1:08:07]} 43. Kb3 {[%clk 0:43:51]} Rb7+ {[%clk
1:07:40]} 1/2-1/2

[Event "Irena Warakomska Memorial A"]
[Site "Suwalki"]
[Date "2021.08.02"]
[Round "8"]
[White "Nurkiewicz, Maciej"]
[Black "Golecki, Jan"]
[Result "0-1"]
[Board "15"]
[WhiteElo "2342"]
[WhiteCountry "POL"]
[WhiteFideId "1107046"]
[WhiteEloChange "-15"]
[BlackElo "2161"]
[BlackCountry "POL"]
[BlackFideId "1184008"]
[BlackEloChange "15"]

1. e4 {[%clk 1:30:55]} e5 {[%clk 1:26:28]} 2. Nf3 {[%clk 1:31:20]} Nc6 {[%clk
1:26:54]} 3. Bc4 {[%clk 1:31:25]} Bc5 {[%clk 1:27:17]} 4. c3 {[%clk 1:31:28]} Nf6
{[%clk 1:27:41]} 5. d4 {[%clk 1:31:33]} exd4 {[%clk 1:28:04]} 6. e5 {[%clk
1:31:49]} d5 {[%clk 1:28:29]} 7. Bb5 {[%clk 1:32:06]} Ne4 {[%clk 1:28:52]} 8.
cxd4 {[%clk 1:32:25]} Bb6 {[%clk 1:29:17]} 9. Nc3 {[%clk 1:31:53]} Bg4 {[%clk
1:28:40]} 10. Be3 {[%clk 1:31:17]} Ba5 {[%clk 1:21:31]} 11. Rc1 {[%clk 1:12:55]}
O-O {[%clk 1:15:09]} 12. O-O {[%clk 1:11:29]} Bxc3 {[%clk 1:05:09]} 13. bxc3
{[%clk 1:11:50]} f6 {[%clk 1:04:12]} 14. h3 {[%clk 0:59:50]} Bxf3 {[%clk
0:55:40]} 15. gxf3 {[%clk 0:58:58]} Ng5 {[%clk 0:56:06]} 16. f4 {[%clk 0:38:30]}
Nxh3+ {[%clk 0:55:57]} 17. Kg2 {[%clk 0:38:41]} fxe5 {[%clk 0:56:22]} 18. Kxh3
{[%clk 0:38:43]} exf4 {[%clk 0:56:49]} 19. Bd2 {[%clk 0:39:00]} Rf6 {[%clk
0:55:45]} 20. Rh1 {[%clk 0:32:22]} Rh6+ {[%clk 0:44:56]} 21. Kg2 {[%clk 0:29:16]}
Qg5+ {[%clk 0:45:17]} 22. Kf3 {[%clk 0:29:39]} Rg6 {[%clk 0:45:31]} 23. Bxf4
{[%clk 0:29:21]} Rf8 {[%clk 0:44:10]} 0-1

[Event "Irena Warakomska Memorial A"]
[Site "Suwalki"]
[Date "2021.08.02"]
[Round "8"]
[White "Krawczyk, Flawian"]
[Black "Rudzinska, Michalina"]
[Result "0-1"]
[Board "16"]
[WhiteElo "1984"]
[WhiteCountry "POL"]
[WhiteFideId "21881413"]
[WhiteEloChange "-4"]
[BlackElo "2238"]
[BlackTitle "WFM"]
[BlackCountry "POL"]
[BlackFideId "1172883"]
[BlackEloChange "4"]

1. d4 {[%clk 1:30:40]} Nf6 {[%clk 1:30:57]} 2. c4 {[%clk 1:30:59]} e6 {[%clk
1:31:17]} 3. Nf3 {[%clk 1:31:24]} c5 {[%clk 1:31:38]} 4. d5 {[%clk 1:31:48]} exd5
{[%clk 1:32:02]} 5. cxd5 {[%clk 1:32:13]} d6 {[%clk 1:32:21]} 6. Nc3 {[%clk
1:32:39]} g6 {[%clk 1:32:42]} 7. e4 {[%clk 1:33:03]} Bg7 {[%clk 1:33:04]} 8. h3
{[%clk 1:33:29]} O-O {[%clk 1:33:22]} 9. Bd3 {[%clk 1:33:56]} Re8 {[%clk
1:33:31]} 10. O-O {[%clk 1:34:18]} c4 {[%clk 1:32:59]} 11. Bc2 {[%clk 1:34:43]}
Nbd7 {[%clk 1:29:57]} 12. Bf4 {[%clk 1:27:50]} Nc5 {[%clk 1:22:11]} 13. Re1
{[%clk 1:26:22]} Qb6 {[%clk 1:11:50]} 14. Rb1 {[%clk 1:22:08]} Nfd7 {[%clk
1:09:37]} 15. a4 {[%clk 1:15:54]} Ne5 {[%clk 1:07:43]} 16. Nxe5 {[%clk 1:15:53]}
Bxe5 {[%clk 1:07:57]} 17. Bxe5 {[%clk 1:15:32]} Rxe5 {[%clk 1:08:18]} 18. Qd4
{[%clk 1:12:25]} Bd7 {[%clk 0:50:14]} 19. Qxc4 {[%clk 1:10:43]} Rc8 {[%clk
0:50:25]} 20. a5 {[%clk 1:05:15]} Qd8 {[%clk 0:47:39]} 21. Qd4 {[%clk 1:05:20]}
Qh4 {[%clk 0:43:50]} 22. Qe3 {[%clk 1:02:47]} Rce8 {[%clk 0:40:00]} 23. f4 {[%clk
0:58:51]} R5e7 {[%clk 0:39:48]} 24. Qf2 {[%clk 0:48:09]} Qxf2+ {[%clk 0:35:23]}
25. Kxf2 {[%clk 0:48:25]} Na6 {[%clk 0:34:52]} 26. Rbd1 {[%clk 0:43:18]} f6
{[%clk 0:34:19]} 27. Bd3 {[%clk 0:32:44]} Nc5 {[%clk 0:32:04]} 28. b4 {[%clk
0:31:02]} Nxd3+ {[%clk 0:31:36]} 29. Rxd3 {[%clk 0:31:27]} Rc8 {[%clk 0:30:11]}
30. Kf3 {[%clk 0:25:21]} Rc4 {[%clk 0:28:26]} 31. Rb1 {[%clk 0:23:50]} f5 {[%clk
0:27:30]} 32. Re3 {[%clk 0:23:03]} fxe4+ {[%clk 0:27:27]} 33. Kf2 {[%clk
0:22:10]} h5 {[%clk 0:26:22]} 34. Rbe1 {[%clk 0:21:15]} Kf8 {[%clk 0:12:46]} 35.
Nxe4 {[%clk 0:20:47]} Rxb4 {[%clk 0:12:37]} 36. Kg3 {[%clk 0:14:35]} Rb5 {[%clk
0:09:36]} 37. Nf6 {[%clk 0:12:23]} Rxe3+ {[%clk 0:09:29]} 38. Rxe3 {[%clk
0:12:21]} Bf5 {[%clk 0:09:25]} 39. Kh4 {[%clk 0:42:43]} Rxa5 {[%clk 0:36:27]} 40.
g4 {[%clk 0:42:56]} hxg4 {[%clk 0:36:39]} 41. hxg4 {[%clk 0:43:21]} Bc2 {[%clk
0:35:57]} 42. Kg5 {[%clk 0:43:40]} Kf7 {[%clk 0:33:19]} 43. Re6 {[%clk 0:43:08]}
Rxd5+ {[%clk 0:33:22]} 44. Nxd5 {[%clk 0:43:23]} Kxe6 {[%clk 0:33:45]} 45. Ne3
{[%clk 0:43:49]} Bd3 {[%clk 0:33:39]} 46. f5+ {[%clk 0:44:15]} gxf5 {[%clk
0:34:01]} 47. gxf5+ {[%clk 0:44:41]} Bxf5 {[%clk 0:33:26]} 48. Nxf5 {[%clk
0:45:07]} Ke5 {[%clk 0:33:36]} 49. Ne3 {[%clk 0:45:17]} d5 {[%clk 0:32:53]} 50.
Nd1 {[%clk 0:45:38]} a5 {[%clk 0:33:03]} 51. Kg4 {[%clk 0:46:06]} Kd4 {[%clk
0:32:39]} 52. Kf3 {[%clk 0:46:31]} Kd3 {[%clk 0:31:07]} 53. Kf2 {[%clk 0:46:54]}
b5 {[%clk 0:30:33]} 0-1

[Event "Irena Warakomska Memorial A"]
[Site "Suwalki"]
[Date "2021.08.02"]
[Round "8"]
[White "Juknis, Paulius"]
[Black "Antolak, Julia"]
[Result "1/2-1/2"]
[Board "17"]
[WhiteElo "2172"]
[WhiteCountry "LTU"]
[WhiteFideId "12802247"]
[WhiteEloChange "4"]
[BlackElo "2309"]
[BlackTitle "WIM"]
[BlackCountry "POL"]
[BlackFideId "1159569"]
[BlackEloChange "-4"]

1. d4 {[%clk 1:30:55]} Nf6 {[%clk 1:30:53]} 2. Nf3 {[%clk 1:31:17]} e6 {[%clk
1:31:03]} 3. Bf4 {[%clk 1:29:45]} d5 {[%clk 1:31:11]} 4. e3 {[%clk 1:29:56]} Bd6
{[%clk 1:30:59]} 5. Nbd2 {[%clk 1:30:08]} c5 {[%clk 1:29:06]} 6. c3 {[%clk
1:30:13]} Qc7 {[%clk 1:28:54]} 7. Bxd6 {[%clk 1:30:20]} Qxd6 {[%clk 1:29:17]} 8.
Ne5 {[%clk 1:30:45]} O-O {[%clk 1:18:08]} 9. f4 {[%clk 1:29:20]} Nfd7 {[%clk
1:16:08]} 10. Bd3 {[%clk 1:23:16]} f5 {[%clk 1:13:23]} 11. g4 {[%clk 1:16:35]}
Qe7 {[%clk 1:06:35]} 12. Qf3 {[%clk 1:06:16]} cxd4 {[%clk 1:02:28]} 13. exd4
{[%clk 1:04:56]} Nxe5 {[%clk 1:02:26]} 14. fxe5 {[%clk 1:05:09]} Qh4+ {[%clk
0:53:24]} 15. Qg3 {[%clk 1:05:23]} Qxg4 {[%clk 0:53:45]} 16. Qxg4 {[%clk
1:05:35]} fxg4 {[%clk 0:54:05]} 17. Ke2 {[%clk 1:05:28]} Bd7 {[%clk 0:52:56]} 18.
Rag1 {[%clk 1:04:52]} Nc6 {[%clk 0:49:47]} 19. Rxg4 {[%clk 1:04:35]} Rf7 {[%clk
0:48:31]} 20. Rhg1 {[%clk 0:58:30]} Raf8 {[%clk 0:47:24]} 21. R1g2 {[%clk
0:58:34]} Ne7 {[%clk 0:44:18]} 22. h4 {[%clk 0:46:12]} a6 {[%clk 0:40:08]} 23.
Ke3 {[%clk 0:37:32]} Kh8 {[%clk 0:38:21]} 24. R4g3 {[%clk 0:33:25]} Bb5 {[%clk
0:34:37]} 25. Bc2 {[%clk 0:33:01]} Be8 {[%clk 0:33:59]} 26. Bd3 {[%clk 0:29:21]}
Bb5 {[%clk 0:33:32]} 27. Bc2 {[%clk 0:29:38]} Be8 {[%clk 0:34:00]} 1/2-1/2